Top 20 Countries by Coronavirus Deaths - Statistics

General Stats
  • This quiz has been taken 36 times
    13 since last reset
  • The average score is 17 of 20
Answer Stats
Deaths Country % Correct
695k Brazil
100%
164k France
100%
163k Germany
100%
531k India
100%
185k Italy
100%
386k Russia
100%
117k Spain
100%
201k United Kingdom
100%
1.1 mi United States
100%
130k Argentina
92%
331k Mexico
92%
142k Colombia
83%
119k Poland
83%
161k Indonesia
75%
103k South Africa
75%
101k Turkey
75%
218k Peru
67%
119k Ukraine
67%
145k Iran
58%
67.4k Romania
50%
No matching quizzes found
Score Distribution
Percent of People with Each Score
Percentile by Number Answered
Your Score History
You have not taken this quiz since the last reset